00341nam a2200145Ia 45000030006000000050017000060080041000230400009000640410012000730820017000851000021001022450044001232600020001673000008001870Nust20170105110257.0161124s9999 xx 000 0 und d cIGIS aEnglish a910.285bMAL aJacek Malczewski aGIS and Multicriteria Decision Analysis aphot copyc1999 a392